[Event "ch-FRA Blitz Online Qual"]
[Site "Europe-Chess INT"]
[Date "2020.05.16"]
[Round "10"]
[White "Nasuta, Grzegorz"]
[Black "Mathieu, Phileas"]
[Result "1-0"]
[WhiteTitle "GM"]
[WhiteElo "2558"]
[BlackElo "2214"]
[WhiteFideId "1141686"]
[BlackFideId "36048410"]
[EventDate "2020.05.16"]

1. e4 c5 2. Nf3 Nc6 3. Bb5 e6 4. O-O Nge7 5. Re1 Nd4 6. Nxd4 cxd4 7. c3 a6 8.
Bf1 Nc6 9. d3 Bc5 10. Qg4 O-O 11. Qg3 b5 12. Nd2 Bb7 13. Nb3 Bb6 14. Bf4 Re8 15.
cxd4 d5 16. Be3 Qf6 17. e5 Qg6 18. Qxg6 hxg6 19. Rec1 Rac8 20. Be2 a5 21. f4 g5
22. fxg5 Nxe5 23. Nxa5 Nc6 24. Nxb7 Nxd4 25. Kf2 Rb8 26. Nc5 Nf5 27. b4 Rec8 28.
d4 Ra8 29. a3 f6 30. gxf6 gxf6 31. Bxb5 e5 32. Bd7 Nxe3 33. Bxc8 Ng4+ 34. Bxg4 1-0

[Event "ch-FRA Blitz Online Qual"]
[Site "Europe-Chess INT"]
[Date "2020.05.16"]
[Round "10"]
[White "Glek, Igor"]
[Black "Ribiere, Damien"]
[Result "1-0"]
[WhiteTitle "GM"]
[WhiteElo "2475"]
[BlackElo "2083"]
[WhiteFideId "4100484"]
[BlackFideId "26041634"]
[EventDate "2020.05.16"]

1. e4 d6 2. d4 Nf6 3. Nc3 g6 4. f4 Bg7 5. Bd3 O-O 6. Nf3 Nc6 7. O-O e5 8. dxe5
dxe5 9. f5 Nd4 10. fxg6 fxg6 11. Nxe5 Nxe4 12. Bc4+ Be6 13. Rxf8+ Qxf8 14. Qxd4
Nxc3 15. Bxe6+ Kh8 16. Nxg6+ hxg6 17. Qh4+ Bh6 18. Bxh6 Ne2+ 19. Kh1 Qe8 20.
Bf8# 1-0

[Event "ch-FRA Blitz Online Qual"]
[Site "Europe-Chess INT"]
[Date "2020.05.16"]
[Round "10"]
[White "Masset, Jacques"]
[Black "Di Nicolantonio, Lucas"]
[Result "0-1"]
[BlackTitle "IM"]
[WhiteElo "2058"]
[BlackElo "2414"]
[WhiteFideId "20603703"]
[BlackFideId "680460"]
[EventDate "2020.05.16"]

1. d4 g6 2. e4 Bg7 3. Bc4 d6 4. Nf3 e6 5. Qe2 a6 6. Nc3 Ne7 7. h4 h6 8. Be3 b6
9. O-O-O Bb7 10. g4 b5 11. Bd3 Nbc6 12. d5 Nb4 13. Bxb5+ axb5 14. Qxb5+ Bc6 15.
Qxb4 exd5 16. exd5 Bd7 17. Rhg1 O-O 18. Bd4 c5 19. dxc6 Nxc6 20. Qxd6 Nxd4 21.
Nxd4 Qc8 22. f3 Rd8 23. Qe7 Re8 24. Qb4 Rb8 25. Qa5 Qc4 26. Nb3 Be6 27. Rge1
Rec8 28. Re4 Qc6 29. h5 Ra8 30. Qb5 Qc7 31. hxg6 Rxa2 32. Rxe6 fxe6 33. Qh5 Rxb2 0-1

[Event "ch-FRA Blitz Online Qual"]
[Site "Europe-Chess INT"]
[Date "2020.05.16"]
[Round "10"]
[White "Philippe, Guillaume"]
[Black "Denjoy, Arnaud"]
[Result "1-0"]
[WhiteTitle "IM"]
[WhiteElo "2354"]
[BlackElo "2166"]
[WhiteFideId "36048763"]
[BlackFideId "26071185"]
[EventDate "2020.05.16"]

1. f4 Nf6 2. Nf3 g6 3. g3 Bg7 4. Bg2 O-O 5. O-O c5 6. d3 Nc6 7. e4 d6 8. Nc3 Rb8
9. h3 b5 10. a3 a5 11. g4 b4 12. axb4 axb4 13. Ne2 Bb7 14. Ng3 Qb6 15. g5 Nd7
16. h4 c4+ 17. Kh2 cxd3 18. cxd3 Ra8 19. Rxa8 Rxa8 20. h5 Ra1 21. Qe2 Nd4 22.
Nxd4 Qxd4 23. h6 Bh8 24. e5 Bxg2 25. Qxg2 b3 26. Qc6 dxe5 27. Be3 Qa4 28. Qxa4
Rxa4 29. f5 gxf5 30. Nxf5 e6 31. Nd6 Ra2 32. Rxf7 Rxb2+ 33. Kg3 Nf8 34. Rb7 e4
35. Nxe4 Be5+ 36. Kf3 Rb1 37. Nf6+ Bxf6 38. gxf6 Rf1+ 39. Bf2 Ng6 40. Rg7+ Kf8
41. Rb7 Ne5+ 42. Ke2 Rxf2+ 43. Kxf2 b2 44. d4 Ng4+ 45. Kf3 Nxh6 46. Rxb2 Nf5 47.
Ke4 Nd6+ 48. Kf4 Kf7 49. Rb6 Ne8 50. Ke5 Nxf6 51. Rxe6 Ng4+ 52. Kd6 h5 53. Re7+
Kf6 54. Rh7 Kg6 55. Rh8 Nf6 56. d5 Kg7 57. Ra8 h4 58. Ke6 Ne4 59. d6 Kg6 60. Ra4
Nc5+ 61. Ke7 Kg5 62. Ra5 h3 63. Rxc5+ Kg4 64. Rc1 h2 65. d7 1-0

[Event "ch-FRA Blitz Online Qual"]
[Site "Europe-Chess INT"]
[Date "2020.05.16"]
[Round "10"]
[White "Calvo, Dylan"]
[Black "Brunner, Nicolas"]
[Result "0-1"]
[BlackTitle "IM"]
[WhiteElo "2018"]
[BlackElo "2428"]
[WhiteFideId "36019410"]
[BlackFideId "620246"]
[EventDate "2020.05.16"]

1. d4 Nf6 2. Nf3 d5 3. e3 e6 4. Bd3 c5 5. b3 Nc6 6. a3 Bd6 7. Bb2 O-O 8. O-O b6
9. Ne5 Bb7 10. f4 Ne7 11. Qf3 Rc8 12. Qh3 Ne4 13. c4 Ng6 14. Nc3 f5 15. Nxg6
hxg6 16. Bxe4 dxe4 17. d5 Qe7 18. Rad1 Kf7 19. Qg3 Rh8 20. Rd2 Rcd8 21. Rfd1 e5
22. fxe5 Bxe5 23. Qf2 Bxh2+ 24. Kf1 Be5 25. Ke2 Qf6 26. d6 Bxc3 27. Bxc3 Qxc3
28. Qf4 Qf6 29. d7 Qe7 30. Rd6 Rh4 31. Qg3 Rg4 32. Qh3 a6 33. Qh2 b5 34. Kf2 f4
35. exf4 e3+ 36. Ke1 Rxg2 37. Qh3 Rg1+ 38. Ke2 Rxd1 39. Kxd1 Be4 0-1

[Event "ch-FRA Blitz Online Qual"]
[Site "Europe-Chess INT"]
[Date "2020.05.16"]
[Round "10"]
[White "Cotonnec, Melkior"]
[Black "Antao, Amory"]
[Result "1-0"]
[WhiteTitle "IM"]
[WhiteElo "2300"]
[BlackElo "2099"]
[WhiteFideId "633275"]
[BlackFideId "36049700"]
[EventDate "2020.05.16"]

1. c4 Nf6 2. g3 g6 3. Bg2 Bg7 4. Nf3 O-O 5. O-O d6 6. d4 Bg4 7. h3 Bd7 8. Nc3 a6
9. b3 Nc6 10. Bb2 Qe8 11. d5 Nd8 12. e4 e5 13. dxe6 Nxe6 14. Re1 Bc6 15. Qc2 Qd7
16. Nd5 Bxd5 17. exd5 Nc5 18. b4 Na4 19. Bd4 Rfe8 20. Qd2 Re4 21. Rxe4 Nxe4 22.
Qd3 Nf6 23. Re1 Re8 24. Qd1 Rxe1+ 25. Qxe1 Qe8 26. Qa1 Qd8 27. Nd2 Nh5 28. Ne4
Nb6 29. Bxg7 Nxg7 30. Nf6+ Kh8 31. c5 Nc4 32. g4 Ne5 33. g5 Qe7 34. Qd4 Nd7 35.
c6 bxc6 36. dxc6 Ne5 37. f4 Nh5 38. fxe5 dxe5 39. Qd7 Qf8 40. Nxh5 gxh5 41. Qxc7
Qxb4 42. Qxe5+ Kg8 43. Qe8+ Kg7 44. Qe5+ Kg8 45. c7 Qb1+ 46. Kh2 Qc1 47. Qe8+
Kg7 48. Qe5+ Kg6 49. Be4+ f5 50. Qxf5+ Kg7 51. Qf6+ Kg8 52. Bd5# 1-0

[Event "ch-FRA Blitz Online Qual"]
[Site "Europe-Chess INT"]
[Date "2020.05.16"]
[Round "10"]
[White "Migot, Tangi"]
[Black "Hue, Victor"]
[Result "1-0"]
[WhiteTitle "IM"]
[WhiteElo "2351"]
[BlackElo "2038"]
[WhiteFideId "662445"]
[BlackFideId "26045710"]
[EventDate "2020.05.16"]

1. e4 e5 2. Nf3 f5 3. Nxe5 Qf6 4. d4 d6 5. Nc4 fxe4 6. Nc3 Qg6 7. f3 exf3 8.
Qxf3 Nf6 9. Bd3 Qf7 10. O-O Be7 11. Bg5 Nc6 12. d5 Ne5 13. Nxe5 dxe5 14. Bb5+
Kf8 15. Bc4 Bg4 16. Qxg4 Nxg4 17. Rxf7+ Kxf7 18. d6+ Ke8 19. Bxe7 cxd6 20. Bxd6
Kd7 21. Be2 Kxd6 22. Bxg4 Rad8 23. Re1 Rhe8 24. Bf5 g6 25. Be4 Re7 26. Rd1+ Kc7
27. Nb5+ Kc8 28. Nxa7+ Kc7 29. Nb5+ Kc8 30. Rxd8+ Kxd8 31. Kf2 Kd7 32. Ke2 Ke6
33. c3 Rd7 34. a4 Rd8 35. a5 Ra8 36. b4 Rb8 37. c4 Kd7 38. c5 Ke6 39. Nd6 b5 40.
axb6 1-0

[Event "ch-FRA Blitz Online Qual"]
[Site "Europe-Chess INT"]
[Date "2020.05.16"]
[Round "10"]
[White "Bulmaga, Irina"]
[Black "Roussel, Simon"]
[Result "1-0"]
[WhiteTitle "IM"]
[WhiteElo "2440"]
[BlackElo "2140"]
[WhiteFideId "13903063"]
[BlackFideId "26025710"]
[EventDate "2020.05.16"]

1. e4 e5 2. Nf3 Nc6 3. d4 exd4 4. c3 dxc3 5. Nxc3 d6 6. Bc4 Nf6 7. O-O Be7 8.
Ng5 O-O 9. f4 h6 10. Nf3 a6 11. a3 b5 12. Bd3 Bg4 13. h3 Bxf3 14. Qxf3 Nd4 15.
Qf2 c5 16. Be3 Nb3 17. Rad1 Qc7 18. Bc2 Na5 19. Qg3 Nc4 20. Bc1 Kh8 21. b3 Nb6
22. e5 dxe5 23. fxe5 Nfd7 24. Qd3 g6 25. Bxh6 Nxe5 26. Qg3 Rfe8 27. Rxf7 Nxf7
28. Qxc7 Nxh6 29. Qxb6 Rg8 30. Qe6 Bg5 31. Bxg6 Be3+ 32. Qxe3 Rxg6 33. Rd7 Rag8
34. Qe5+ R8g7 35. Rxg7 Rxg7 36. Qxc5 Kh7 37. Qb6 Rg6 38. Qb7+ Kg8 39. Qc8+ Kg7
40. Qd7+ Nf7 41. Ne4 Kf8 42. Nc5 Rd6 43. Qc8+ Kg7 44. Nxa6 Ne5 45. Qc7+ 1-0

[Event "ch-FRA Blitz Online Qual"]
[Site "Europe-Chess INT"]
[Date "2020.05.16"]
[Round "10"]
[White "Firouzja, Mohammadreza"]
[Black "Degraeve, Remy"]
[Result "0-1"]
[BlackTitle "FM"]
[WhiteElo "2135"]
[BlackElo "2328"]
[WhiteFideId "12573990"]
[BlackFideId "26024560"]
[EventDate "2020.05.16"]

1. e4 e5 2. Nf3 Nc6 3. Bb5 a6 4. Ba4 Nf6 5. O-O Be7 6. Re1 b5 7. Bb3 O-O 8. d3
d6 9. c3 Na5 10. Bc2 c5 11. h3 Re8 12. Nbd2 Bf8 13. Nf1 h6 14. a4 b4 15. Bd2 Nc6
16. Ne3 Rb8 17. Bb3 Na5 18. Bc2 b3 19. Bb1 Nc6 20. Ra3 Be6 21. c4 Qb6 22. a5 Qb7
23. Bc3 Nd4 24. Nd2 Nd7 25. Bxd4 cxd4 26. Rxb3 Qc7 27. Nd5 Bxd5 28. cxd5 Nc5 29.
Ra3 Rxb2 30. Nc4 Rb5 31. Bc2 Reb8 32. Ba4 Rb4 33. Bc6 Rb3 34. Qc2 Rxa3 35. Nxa3
Qxa5 36. Ra1 Qc3 37. Kh2 Qxa1 0-1

[Event "ch-FRA Blitz Online Qual"]
[Site "Europe-Chess INT"]
[Date "2020.05.16"]
[Round "10"]
[White "Berger Dit Lacroix, Kilian"]
[Black "Shirazi, Kamran"]
[Result "0-1"]
[BlackTitle "IM"]
[WhiteElo "2129"]
[BlackElo "2355"]
[WhiteFideId "36091855"]
[BlackFideId "2000733"]
[EventDate "2020.05.16"]

1. e4 c5 2. Nf3 Nf6 3. Nc3 d5 4. exd5 Nxd5 5. Bc4 Nb6 6. Bb5+ Bd7 7. Bxd7+ Qxd7
8. d4 e6 9. Be3 Nc4 10. Qd3 Nxb2 11. Qb5 Qxb5 12. Nxb5 Na6 13. dxc5 Nc4 14. Bd4
f6 15. Nd2 Nxd2 16. Kxd2 O-O-O 17. Kc3 Kb8 18. Rhd1 Bxc5 19. Bxc5 Nxc5 20. Kc4
Ne4 21. f3 Ng5 22. Nd6 Rd7 23. h4 Rhd8 24. hxg5 Rxd6 25. Rxd6 Rxd6 26. gxf6 gxf6
27. Rh1 Rd7 28. Rh6 Rf7 29. Kc5 Kc7 30. c4 b6+ 31. Kb5 Kb7 32. c5 a6+ 33. Kb4
Kc6 34. cxb6 Kxb6 35. a4 a5+ 36. Kc4 Kc6 37. g4 Kd6 38. f4 e5 39. fxe5+ Kxe5 40.
Rh5+ Kf4 41. Rxa5 Kxg4 42. Kd4 f5 43. Ke3 Kg3 44. Ra8 Re7+ 45. Kd2 f4 46. a5 Kf2
47. a6 f3 48. a7 h5 49. Kd3 h4 50. Kd2 h3 51. Kd3 h2 52. Rh8 Rxa7 53. Rxh2+ Kg1
54. Rh8 f2 55. Rg8+ Kf1 56. Kd2 Rd7+ 57. Ke3 Rd5 58. Rf8 Re5+ 59. Kd4 Re7 60.
Kd3 Ke1 61. Kc3 f1=Q 62. Rxf1+ Kxf1 63. Kd4 Ke2 64. Kd5 Re3 65. Kd6 Kd3 66. Kc5
Re4 0-1

[Event "ch-FRA Blitz Online Qual"]
[Site "Europe-Chess INT"]
[Date "2020.05.16"]
[Round "10"]
[White "Kirk, Ezra"]
[Black "Poulet, Benoit"]
[Result "1-0"]
[WhiteTitle "IM"]
[WhiteElo "2447"]
[BlackElo "2094"]
[WhiteFideId "600067"]
[BlackFideId "26085844"]
[EventDate "2020.05.16"]

1. e4 c5 2. Nf3 Nc6 3. Bb5 Qb6 4. Bxc6 Qxc6 5. Nc3 e6 6. d4 a6 7. O-O Ne7 8. d5
exd5 9. exd5 Qd6 10. Re1 Kd8 11. Re4 b6 12. Bf4 Qg6 13. d6 Nf5 14. Qd5 Rb8 15.
Ne5 Qe6 16. Nxf7+ 1-0

[Event "ch-FRA Blitz Online Qual"]
[Site "Europe-Chess INT"]
[Date "2020.05.16"]
[Round "10"]
[White "Vlachos, Anatole"]
[Black "Lauron, Wesley"]
[Result "1-0"]
[WhiteTitle "IM"]
[WhiteElo "2401"]
[BlackElo "1878"]
[WhiteFideId "26093189"]
[BlackFideId "36012769"]
[EventDate "2020.05.16"]

1. f4 d5 2. Nf3 Nf6 3. g3 g6 4. Bg2 Bg7 5. O-O c5 6. d3 Nc6 7. Qe1 O-O 8. e4 e6
9. Na3 dxe4 10. dxe4 Nd4 11. c3 Nxf3+ 12. Bxf3 b6 13. e5 Nd5 14. c4 Nc7 15. Nb5
Rb8 16. Nxa7 Bb7 17. Nc6 Bxc6 18. Bxc6 Qd4+ 19. Be3 Qxc4 20. b3 Qa6 21. Be4 Rfd8
22. Rf2 Nd5 23. Bd2 Rd7 24. Qe2 Qxe2 25. Rxe2 Rbd8 26. Be1 Bf8 27. Kg2 b5 28.
Rc1 b4 29. Kf3 Be7 30. h4 h5 31. Rec2 Kg7 32. Rd1 Bf8 33. Rcd2 Be7 34. Bf2 Kf8
35. Rd3 Ke8 36. R1d2 Nc3 37. Bc6 Nd5 38. Rxd5 exd5 39. Rxd5 Bf8 40. Ke4 Ke7 41.
Bxc5+ Ke6 42. Bxd7+ Rxd7 43. Rxd7 Bxc5 44. Rc7 Bf2 45. Rc6+ Ke7 46. Kf3 Be1 47.
Ra6 Bc3 48. a3 bxa3 49. Rxa3 Ke6 50. Ra6+ Kd5 51. Rf6 1-0

[Event "ch-FRA Blitz Online Qual"]
[Site "Europe-Chess INT"]
[Date "2020.05.16"]
[Round "10"]
[White "Daulyte-Cornette, Deimante"]
[Black "Bregnac, Tristan"]
[Result "1-0"]
[WhiteTitle "IM"]
[WhiteElo "2400"]
[BlackElo "2047"]
[WhiteFideId "12802859"]
[BlackFideId "36017825"]
[EventDate "2020.05.16"]

1. e4 c5 2. Nc3 Nc6 3. Bb5 Nd4 4. Nf3 a6 5. Bd3 Nc6 6. O-O g6 7. b3 Bg7 8. Bb2
Nf6 9. Nd5 O-O 10. Nxf6+ exf6 11. Bc4 Ne5 12. Bd5 d6 13. h3 Rb8 14. d4 cxd4 15.
Nxd4 Bd7 16. f4 Nc6 17. Nf3 Qc7 18. Qd2 Rbd8 19. Rad1 Be6 20. c4 Ne7 21. Rc1 Nc8
22. Nd4 Rfe8 23. f5 Bxd5 24. exd5 Re7 25. Rce1 Rde8 26. Bc3 Qd7 27. Kh2 Rxe1 28.
Rxe1 Re7 29. Qf4 Re5 30. g4 Qe8 31. Qf2 Re4 32. Nf3 Rxe1 33. Qxe1 Qd7 34. Qe4
Kf8 35. Nd4 Ne7 36. Bd2 Nc8 37. Bf4 Qe7 38. Qxe7+ Kxe7 39. Kg3 Kd7 40. Kf3 Ne7
41. Ke4 Bf8 42. b4 Nc8 43. Be3 Nb6 44. Kd3 Nc8 45. Nb3 g5 46. c5 dxc5 47. bxc5
Ne7 48. Kc4 Nc8 49. Na5 Kc7 50. Bf2 b6 51. Bg3+ Kd7 52. c6+ Ke8 53. Nb7 b5+ 54.
Kd4 Ba3 55. d6 Nb6 56. d7+ Nxd7 57. cxd7+ Kxd7 58. Nc5+ Kc6 59. Nxa6 Bb2+ 60.
Ke4 Ba3 61. Nc7 Bc1 62. Nd5 Bb2 63. Bf2 Be5 64. Bd4 Bg3 65. Nxf6 h6 66. Ng8 b4
67. Nxh6 Kb5 68. Nxf7 Bh4 69. Bf6 Ka4 70. Kd3 Ka3 71. Kc4 Be1 72. Be7 Kxa2 73.
Bxb4 Bg3 74. Nxg5 Kb2 75. f6 1-0

[Event "ch-FRA Blitz Online Qual"]
[Site "Europe-Chess INT"]
[Date "2020.05.16"]
[Round "10"]
[White "Suez-Panama, Gilles"]
[Black "Batsiashvili, Nino"]
[Result "0-1"]
[BlackTitle "GM"]
[WhiteElo "1943"]
[BlackElo "2457"]
[WhiteFideId "620165"]
[BlackFideId "13602993"]
[EventDate "2020.05.16"]

1. d4 d5 2. Nf3 Nf6 3. c4 e6 4. g3 c5 5. cxd5 exd5 6. Nc3 Nc6 7. Bg2 cxd4 8.
Nxd4 Bc5 9. Nb3 Bb6 10. Na4 O-O 11. Nxb6 axb6 12. O-O d4 13. Bg5 Re8 14. Re1 h6
15. Bd2 Be6 16. Qc2 Bd5 17. Qd3 Bxg2 18. Kxg2 Qd5+ 19. Qf3 Qd7 20. a3 Ne5 21.
Qf4 Qd5+ 22. f3 Qxb3 23. Qxd4 Rad8 24. Qc3 Qxc3 25. Bxc3 Nd5 26. Bd4 Nc6 27. Bf2
Ne3+ 28. Kg1 Nc2 29. Bxb6 Rc8 30. Rac1 Nxe1 31. Rxe1 Re6 32. e4 f5 33. Kf2 fxe4
34. fxe4 Rce8 35. Kf3 Ne5+ 36. Kg2 Rxb6 0-1

[Event "ch-FRA Blitz Online Qual"]
[Site "Europe-Chess INT"]
[Date "2020.05.16"]
[Round "10"]
[White "Bournel, Antoine"]
[Black "Choukri, Adel"]
[Result "0-1"]
[BlackTitle "FM"]
[WhiteElo "2238"]
[BlackElo "2311"]
[WhiteFideId "26093553"]
[BlackFideId "9000399"]
[EventDate "2020.05.16"]

1. e4 c5 2. Nf3 d6 3. Bb5+ Nd7 4. d4 cxd4 5. Qxd4 a6 6. Bxd7+ Bxd7 7. c4 e5 8.
Qd3 Nf6 9. Bg5 Be7 10. Bxf6 gxf6 11. Nc3 Rg8 12. Rg1 Qb6 13. Nd5 Qc5 14. b4 Qc6
15. a4 Rc8 16. Nd2 Bd8 17. a5 Be6 18. Rc1 f5 19. Ne3 f4 20. Nf5 Bxf5 21. exf5
Rxg2 22. Rxg2 Qxg2 23. Qxd6 Qh1+ 24. Nf1 Qe4+ 25. Kd1 Be7 26. Qh6 Rd8+ 27. Nd2
Qd3 28. Rc2 Qf1# 0-1

[Event "ch-FRA Blitz Online Qual"]
[Site "Europe-Chess INT"]
[Date "2020.05.16"]
[Round "10"]
[White "Le Goff, Ronan"]
[Black "Bailly, Thierry"]
[Result "1-0"]
[WhiteTitle "FM"]
[WhiteElo "2267"]
[BlackElo "1989"]
[WhiteFideId "612073"]
[BlackFideId "26051680"]
[EventDate "2020.05.16"]

1. d4 Nf6 2. Nf3 e6 3. e3 d5 4. Nbd2 Bd6 5. Bd3 Nbd7 6. O-O b6 7. e4 dxe4 8.
Nxe4 Bb7 9. Nxd6+ cxd6 10. b3 Nf8 11. Ba3 Ng6 12. Bb5+ Kf8 13. Re1 Kg8 14. Bd3
Nf4 15. Bf1 Ne4 16. Bb2 h6 17. g3 Ng6 18. Bg2 Qf6 19. Qd3 d5 20. Rf1 Kh7 21. Nd2
Nxd2 22. Qxd2 Rhc8 23. Qd3 a5 24. Rfc1 Ba6 25. Qe3 b5 26. c3 Rc7 27. Bf1 Rac8
28. a4 Rb8 29. Bd3 Kg8 30. Qe2 Rcb7 31. Ba3 Qg5 32. Kh1 Qd8 33. Bc5 Qd7 34. Bxg6
fxg6 35. Re1 Re8 36. b4 axb4 37. cxb4 Qc6 38. a5 e5 39. Rac1 e4 40. Qg4 Qe6 41.
Qxe6+ Rxe6 42. Bb6 Rf7 43. Kg1 Ref6 44. Re2 g5 45. Bc7 Kh7 46. Be5 Re6 47. Rc5
Rf3 48. Rxd5 Rb3 49. Rd7 Bc8 50. Rxg7+ Kh8 51. Rc7+ Kg8 52. Rxc8+ Kf7 53. g4
Rxb4 54. Rc7+ Ke8 55. Rh7 Ra6 56. Rc2 Rc4 57. Rxc4 bxc4 58. Rc7 Rxa5 59. Rxc4
Kd7 60. Rc5 Ra1+ 61. Kg2 Ke6 62. Bg7 Ra2 63. Rc3 Kd5 64. Re3 Ra6 65. Be5 Ra1 66.
f3 exf3+ 67. Rxf3 Ra2+ 68. Rf2 Ra3 69. h3 Ke4 70. Re2+ Kd5 71. Bg7 Ra6 72. Re5+
Kc4 73. d5 Kd3 74. Rf5 Ra2+ 75. Rf2 Ra5 76. d6 Rd5 77. Bf8 Ke3 78. Be7 Rd1 79.
Ra2 Rd5 80. Ra3+ Ke4 81. Kf2 Rd2+ 82. Ke1 Rd5 83. Ke2 Rb5 84. Ra4+ Ke5 85. Bf8
Rb2+ 86. Kd3 Rb3+ 87. Kc4 Rxh3 88. d7 Rh4 89. Ra5+ Ke6 90. d8=Q Rxg4+ 91. Qd4
Rxd4+ 92. Kxd4 g4 93. Bxh6 g3 94. Rg5 g2 95. Rxg2 Kf5 96. Bc1 Kf6 97. Re2 Kf5
98. Re4 Kg6 99. Rf4 Kg5 100. Ke5 Kg6 101. Bb2 Kg5 102. Rf1 Kg4 103. Rf8 Kg3 104.
Ke4 Kh4 105. Kf5 Kh5 106. Rh8# 1-0

[Event "ch-FRA Blitz Online Qual"]
[Site "Europe-Chess INT"]
[Date "2020.05.16"]
[Round "10"]
[White "Materia, Marco"]
[Black "Guillemart, Serge"]
[Result "0-1"]
[WhiteTitle "FM"]
[WhiteElo "2269"]
[BlackElo "2107"]
[WhiteFideId "45150451"]
[BlackFideId "26015579"]
[EventDate "2020.05.16"]

1. d4 d5 2. c4 Nc6 3. Nc3 Nf6 4. Bg5 e6 5. e3 Be7 6. Nf3 O-O 7. Be2 h6 8. Bh4
dxc4 9. Bxc4 b6 10. O-O Bb7 11. Rc1 Na5 12. Be2 c5 13. Ne5 cxd4 14. exd4 Rc8 15.
Re1 Nd7 16. Bg3 Nxe5 17. dxe5 Qxd1 18. Rexd1 Rfd8 19. Nb5 Rxc1 20. Rxc1 Rd2 21.
Bf1 Rxb2 22. Rc7 Bc5 23. Nd6 Bc6 24. Nxf7 Rb1 25. Nd6 Bxd6 26. exd6 Bb5 27. h3
Rxf1+ 28. Kh2 Rd1 29. d7 Rxd7 30. Rc8+ Kh7 31. Be5 Nc4 32. Bc3 Nd6 33. Rf8 Ne4
34. Be5 Bc4 35. f3 Nc5 36. a3 a5 37. Rb8 Rb7 38. Ra8 Ba6 39. Bd6 Bc4 40. Rc8 Bd5
41. Be5 Nd7 42. Bb2 Nf6 43. Kg3 b5 44. Kf4 b4 45. Ke5 bxa3 46. Bxa3 Rb3 47. Bd6
Re3+ 48. Kf4 Re2 49. g4 a4 50. h4 Rf2 51. g5 Rxf3+ 52. Ke5 hxg5 53. hxg5 Ng4+
54. Kd4 Rf7 55. Rc5 a3 56. Ra5 a2 57. Kc3 Kg6 58. Kb2 Kxg5 59. Ra3 Rf2+ 60. Ka1
Rf1+ 61. Kb2 a1=Q+ 62. Rxa1 Rxa1 63. Kxa1 e5 64. Kb2 e4 65. Kc2 Kf5 66. Kd2 Ne5
67. Ke2 g5 68. Be7 g4 69. Bh4 Bc4+ 70. Ke3 Bd3 71. Bg3 Nc4+ 72. Kd4 Nd2 73. Be1
Nf3+ 74. Ke3 Nxe1 75. Kf2 Kf4 76. Kxe1 g3 77. Kd2 g2 78. Kc3 g1=Q 79. Kd2 Qf2+
80. Kc3 Qc2+ 81. Kb4 Qc4+ 82. Ka3 Qb5 83. Ka2 Bc2 84. Ka3 Qb3# 0-1

[Event "ch-FRA Blitz Online Qual"]
[Site "Europe-Chess INT"]
[Date "2020.05.16"]
[Round "10"]
[White "Hejazipour, Mitra"]
[Black "Burgalat, Eliot"]
[Result "0-1"]
[WhiteTitle "WGM"]
[WhiteElo "2300"]
[BlackElo "1963"]
[WhiteFideId "12505951"]
[BlackFideId "36068659"]
[EventDate "2020.05.16"]

1. Nf3 Nf6 2. d4 g6 3. c4 Bg7 4. Nc3 O-O 5. e4 d6 6. h3 Nbd7 7. Be3 e5 8. d5 Re8
9. g4 Nc5 10. Nd2 a5 11. Be2 c6 12. h4 cxd5 13. cxd5 b6 14. g5 Nfd7 15. h5 Ba6
16. Bxa6 Nxa6 17. Nb5 Nf8 18. Nc4 Qd7 19. Ncxd6 Red8 20. Qe2 Nc5 21. Rc1 Na6 22.
a3 Qe7 23. Rc6 Nd7 24. Rc1 Ndc5 25. f3 Rxd6 26. Nxd6 Qxd6 27. Kf2 f5 28. gxf6
Qxf6 29. Ke1 Rf8 30. hxg6 hxg6 31. Rh3 g5 32. Rg3 Bh6 33. Rc2 Kf7 34. Bxc5 Nxc5
35. b4 axb4 36. axb4 Nb3 37. Rc6 Qf4 38. Rh3 Nd4 39. Rc7+ Kg6 40. Qa6 Rf6 41.
Qc8 Qe3+ 42. Kd1 Qe2+ 43. Kc1 Nb3+ 44. Kb1 Nd2+ 45. Kc2 Nxe4+ 46. Kb3 Qd3+ 47.
Kb2 Qd4+ 48. Ka3 Qa1+ 49. Kb3 Qb1+ 50. Ka4 Qa2+ 51. Kb5 Nd6+ 52. Kxb6 Nxc8+ 53.
Kb7 Qa7+ 54. Kxc8 Rf8+ 55. Kd7 Rf7+ 56. Ke6 Qxc7 57. Rxh6+ Kxh6 58. d6 Qd7+ 59.
Kd5 Rxf3 60. b5 Rd3+ 61. Kxe5 Qxd6+ 62. Ke4 Qd5# 0-1

[Event "ch-FRA Blitz Online Qual"]
[Site "Europe-Chess INT"]
[Date "2020.05.16"]
[Round "10"]
[White "Labrande, Theodore"]
[Black "Razafindratsima, Timothe"]
[Result "1-0"]
[BlackTitle "FM"]
[WhiteElo "2077"]
[BlackElo "2336"]
[WhiteFideId "36045780"]
[BlackFideId "36069884"]
[EventDate "2020.05.16"]

1. e4 c5 2. Nf3 d6 3. d4 cxd4 4. Nxd4 Nf6 5. Nc3 a6 6. Be3 e5 7. Nb3 Be6 8. Be2
Nbd7 9. O-O Rc8 10. Bf3 Be7 11. Qd2 O-O 12. h3 b5 13. Nd5 Bxd5 14. exd5 e4 15.
Bg4 Nxg4 16. hxg4 Ne5 17. Nd4 Nxg4 18. Nc6 Qd7 19. Bd4 Bf6 20. Qf4 Bxd4 21. Nxd4
Nf6 22. Nf5 Nxd5 23. Qg4 Qxf5 24. Qxf5 Nf6 25. c3 d5 26. Rad1 Rfd8 27. Rfe1 Rc6
28. Rxe4 g6 29. Qg5 h6 30. Qh4 Kg7 31. Red4 g5 32. Qg3 Re6 33. f4 Nh5 34. Qg4
Nf6 35. Qf5 g4 36. Rxd5 Nxd5 37. Rxd5 g3 38. Qxe6 1-0

[Event "ch-FRA Blitz Online Qual"]
[Site "Europe-Chess INT"]
[Date "2020.05.16"]
[Round "10"]
[White "Le Huec, Marc"]
[Black "Macqueron, Gregory"]
[Result "1-0"]
[WhiteElo "2213"]
[BlackElo "1927"]
[WhiteFideId "624829"]
[BlackFideId "551004240"]
[EventDate "2020.05.16"]

1. d4 d6 2. e4 Nf6 3. f3 Nbd7 4. c4 e5 5. Ne2 Be7 6. Be3 c6 7. d5 O-O 8. Ng3
cxd5 9. cxd5 Nc5 10. b4 Na6 11. a3 Nc7 12. Be2 Nd7 13. Qd2 h6 14. Nf5 Nf6 15.
Nxe7+ Qxe7 16. O-O Bd7 17. a4 a6 18. Bb6 Rfc8 19. Nc3 Nh5 20. g3 Bh3 21. Rfc1
Ne8 22. Nd1 Nef6 23. Be3 Nh7 24. Rxc8+ Rxc8 25. Rc1 Rxc1 26. Qxc1 Ng5 27. Nf2
Bd7 28. Qc7 Qe8 29. Qxb7 Bxa4 30. Qxa6 Qd7 31. b5 Nf6 32. Qxa4 1-0

[Event "ch-FRA Blitz Online Qual"]
[Site "Europe-Chess INT"]
[Date "2020.05.16"]
[Round "10"]
[White "Pucher, Sebastien"]
[Black "Tomasi, Elise"]
[Result "1-0"]
[WhiteTitle "FM"]
[WhiteElo "2322"]
[BlackElo "2030"]
[WhiteFideId "627232"]
[BlackFideId "26088843"]
[EventDate "2020.05.16"]

1. b3 d5 2. Bb2 e6 3. Nf3 Nf6 4. c4 Be7 5. g3 c5 6. Bg2 O-O 7. O-O Nc6 8. cxd5
Nxd5 9. d4 b6 10. dxc5 Bxc5 11. a3 Bb7 12. b4 Be7 13. e4 Nf6 14. Qe2 Qc7 15. Nc3
Rac8 16. e5 Ng4 17. Nb5 Qb8 18. h3 Nh6 19. Rfd1 Rfd8 20. Rxd8+ Rxd8 21. Rd1 a6
22. Nbd4 Nxd4 23. Rxd4 Nf5 24. Rxd8+ Qxd8 25. g4 Bxf3 26. Bxf3 Nd4 27. Bxd4 Qxd4
28. Qxa6 g6 29. Qc8+ Kg7 30. Qb7 Qxe5 31. Qxe7 Qc3 32. Kg2 Qxa3 33. Qd6 b5 34.
Qc5 Qa4 35. Bc6 Qb3 36. Qxb5 Qc3 37. Qc5 Qd2 38. b5 Qa5 39. Qd4+ Kg8 40. b6 Qa6
41. Bf3 Qc8 42. b7 Qb8 43. Qc5 1-0